|
|
|
|
| LEADER |
00000nam a22000007ib4500 |
| 001 |
IT\ICCU\TO0\0924846 |
| 003 |
ItRI |
| 005 |
20260115231930.0 |
| 008 |
010208s2000 it |||||| ||||| |||||c |
| 020 |
|
|
|a 8877481838
|
| 040 |
|
|
|b ita
|c importazione bologna sebina
|
| 041 |
|
7 |
|a ita
|2 ISO-639-2
|
| 130 |
3 |
|
|a Il Duemila e il suo doppio: Il giubileo in scenaUna stagione all'inferno
|3 IT\ICCU\RCA\0428209
|
| 245 |
0 |
3 |
|a Il Patalogo ventitré,
|p il duemila e il suo doppio,
|p il Giubileo in scena,
|p una stagione all'inferno /
|c [direzione editoriale Franco Quadri].
|
| 246 |
1 |
3 |
|a Annuario dello spettacolo. -
|9 IT\ICCU\RAV\0107371
|
| 246 |
1 |
3 |
|a Il patalogo. -
|9 IT\ICCU\RAV\0107361
|
| 260 |
|
|
|a Milano :
|b Ubulibri,
|c 2000
|
| 300 |
|
|
|a 344 p. :
|b ill. ;
|c 24 cm
|
| 500 |
|
|
|a Titolo della copertina: Il Patalogo 23 : annuario del teatro
|
| 650 |
|
7 |
|a Spettacoli
|x Italia
|x 2000
|x Annuari
|2 scbi
|
| 650 |
|
7 |
|a Teatro
|x Italia
|x 2000
|x Cataloghi
|2 scbi
|
| 700 |
1 |
|
|a Quadri, Franco
|0 IT\ICCU\CFIV\039002
|
| 773 |
0 |
|
|w IT\ICCU\VEA\0006022
|t Il patalogo ...
|g 23
|
| 942 |
|
|
|2 ddc
|c BK
|n 0
|
| 952 |
|
|
|0 0
|1 0
|4 0
|6 DOC_791_405000000000000_PAT
|7 0
|9 16951
|a BO
|b BO
|d 2026-01-15
|i 6023
|l 0
|o DOC 791.405 PAT
|p BO6023
|r 2026-01-15 23:19:30
|w 2026-01-15
|x [Sebina 7] [1 v.]
|y BK
|z 1 v.
|
| 999 |
|
|
|c 14476
|d 14476
|